Statistics for The Easy Quiz

Click here to take the quiz!

General Stats

  • This quiz has been taken 32 times
    (10 since last reset)
  • The average score is 5 of 12

Answer Stats

HintAnswer% Correct
The planet on which life existsEarth
67%
The man who patented the lightbulbEdison
56%
The man who sailed to the Americas from SpainColumbus
56%
The place visited by the Apollo astronautsThe Moon
56%
The objects which destroyed the Twin TowersPlanes
44%
The country which controls the U.S.A.The U.S.A.
44%
True or False: Planes release chemtrailsFalse
44%
The birthplace of Barack ObamaHawaii
33%
The person who SHOULD currently be presidentTrump
33%
True or False: The U.S. is controlled by the IlluminatiFalse
33%
True or False: A Nigerian Prince wants to make you richFalse
33%
The man who assassinated JFKOswald
22%

Score Distribution

Percentile by Number Answered

Percent of People with Each Score

Your Score History

You have not taken this quiz since the last reset